000 00216nam a22000737a 4500
999 _c23937
_d23937
003 Nust
005 20170410172743.0
008 140425b xxu||||| |||| 00| 0 eng d
020 _a8120323815
040 _aDLC
_bDLC
_cRCMS
082 _22nd, ed.
_a621.3822RAP
100 _aRappaport,Theodore S.
245 _aWireless communications
_bPrinciples & Practice
260 _aNew Delhi India
_bPrentice-Hall
_cc 2005
300 _axxiii,707,p:
_bill:
_c26,cm.
538 _iShelf # 15, Row # 2, Communication.
650 _a Electrical & Electronic Engineering
856 _3Table of Content Only
942 _2ddc
_cBK